00343nam a2200121Ia 4500008004100000020001800041041000800059082002600067100002700093245005500120260003700175300000900212230411s9999 xx 000 0 und d a81-8061-782-3 aeng aPY/150/RAO/BEG/B05666 aRao N & Begum Shamshad aMCQs In Psychology For Nursing And Allied Sciences bJaypee BrothersaNew Delhic2006 a127p